Top 20 best football players of all time - Statistics

General Stats
  • This quiz has been taken 141 times
  • The average score is 12 of 15
Answer Stats
Hint Answer % Correct
Portugal Ronaldo
100%
Brazil Ronaldo
100%
Argentina Messi
98%
Brazil Pele
95%
Argentina Maradona
92%
France Zidane
87%
Netherlands Cruyff
81%
Hungary Puskas
78%
Northern Irland Best
77%
Portugal Eusebio
75%
Germany Muller
75%
Germany Beckenbauer
68%
Italy Maldini
66%
France Platini
63%
Argentina Di stefano
53%
No matching quizzes found
Score Distribution
Percent of People with Each Score
Percentile by Number Answered
Your Score History
You have not taken this quiz